| 000 | 00346nam a2200133Ia 4500 | ||
|---|---|---|---|
| 008 | 191201s2011 xx 000 0 und d | ||
| 082 |
_a005.133 _bBAS |
||
| 100 | _aBAYROSS, Ivan | ||
| 245 | 0 | _aSQL, PL/SQL : The Programming Language of Oracle | |
| 250 | _aRep | ||
| 260 |
_c2011 _bBPB Publication _aNew Delhi |
||
| 300 | _a470+11 | ||
| 942 |
_2ddc _cBK |
||
| 999 |
_c7867 _d7867 |
||